Zigby dives in / (Record no. 49740)
| 000 -LEADER | |
|---|---|
| fixed length control field | 00771nam a2200181 4500 |
| 020 ## - INTERNATIONAL STANDARD BOOK NUMBER | |
| International Standard Book Number | 9780007131679 |
| 042 ## - AUTHENTICATION CODE | |
| Authentication code | lcac |
| 100 1# - MAIN ENTRY--PERSONAL NAME | |
| Personal name | Paterson, Brian, |
| Relator term | author. |
| 9 (RLIN) | 86867 |
| 245 10 - TITLE STATEMENT | |
| Title | Zigby dives in / |
| Statement of responsibility, etc | Brian Paterson. |
| 260 ## - PUBLICATION, DISTRIBUTION, ETC. (IMPRINT) | |
| Place of publication, distribution, etc | New York : |
| Name of publisher, distributor, etc | HarperCollinsPublishers, |
| Date of publication, distribution, etc | 2004. |
| 300 ## - PHYSICAL DESCRIPTION | |
| Extent | 1 v. (unpaged) : |
| Other physical details | col. ill. ; |
| Dimensions | 27 cm. |
| 520 ## - SUMMARY, ETC. | |
| Summary, etc | When Zigby and his friends go on a fishing trip, they find a hidden lagoon--and a giant octopus. |
| 650 ## - SUBJECT ADDED ENTRY--TOPICAL TERM | |
| Topical term or geographic name as entry element | Fishing |
| Form subdivision | Fiction. |
| 9 (RLIN) | 46440 |
| 650 #1 - SUBJECT ADDED ENTRY--TOPICAL TERM | |
| Topical term or geographic name as entry element | Octopuses |
| Form subdivision | Fiction. |
| 9 (RLIN) | 24398 |
| 942 ## - ADDED ENTRY ELEMENTS (KOHA) | |
| Source of classification or shelving scheme | |
| Koha item type | Book |
| Withdrawn status | Lost status | Source of classification or shelving scheme | Damaged status | Not for loan | Home library | Current library | Date acquired | Total Checkouts | Full call number | Barcode | Date last seen | Date checked out | Price effective from | Koha item type |
|---|---|---|---|---|---|---|---|---|---|---|---|---|---|---|
| Logos International School | Logos International School | 11/12/2025 | 2 | E PAT | 041949 | 03/17/2026 | 03/12/2026 | 11/12/2025 | Book |